Dancing to learn : dance as a strategy in the primary school curriculum
Αποθηκεύτηκε σε:
| Κύριος συγγραφέας: | |
|---|---|
| Μορφή: | Βιβλίο |
| Γλώσσα: | English |
| Δημοσίευση: |
London ; New York :
Falmer Press,
1989
|
| Θέματα: | |
| Ετικέτες: |
Προσθήκη ετικέτας
Δεν υπάρχουν, Καταχωρήστε ετικέτα πρώτοι!
|
MARC
| LEADER | 00000cam a2200000 i 4500 | ||
|---|---|---|---|
| 001 | 1/74675 | ||
| 008 | 980623s1989 eng d | ||
| 020 | |a 1-85000-619-9 | ||
| 035 | |l 10031895 | ||
| 035 | |a 1995 |b 1 |c Στρατής | ||
| 040 | |a GR-MY-UA |b gre |e aacr | ||
| 041 | 0 | |a eng | |
| 082 | 0 | |a 372.6 |2 (20) | |
| 100 | 1 | |a Lowden, Mary. | |
| 245 | 1 | 0 | |a Dancing to learn : |b dance as a strategy in the primary school curriculum / |c Mary Lowden |
| 260 | |a London ; New York : |b Falmer Press, |c 1989 | ||
| 300 | |a ix, 248 p.; |b ill.; |c 25 cm | ||
| 504 | |a Βιβλιογραφία: σ. 244-245 | ||
| 504 | |a Περιέχει ευρετήριο | ||
| 650 | 0 | 0 | |a Dance |x Study and teaching (Elementary) |
| 650 | 0 | 0 | |a Education, Elementary |z Great Britain |x Curricula. |
| 852 | |a INST |b RHODES |e 19980623 |h 372.66 LOW |p 005400005329 |q 005400005329 |t BK |y 0 | ||
| 909 | |a Ρ |b 040867 |c 1995 | ||